[Event "Frankfurt Ch 2011"]
[Site "Ffm-Kalbach, LAZ"]
[Date "2011.05.30"]
[Round "5.53"]
[White "Stulken, Dietmar"]
[Black "Klein, Markus"]
[Result "0-1"]
[WhiteElo "1384"]
[BlackElo "1874"]
[PlyCount "114"]
[EventDate "2011.??.??"]
[WhiteTeam "Sfr. Frankfurt 1921"]
[BlackTeam "SC 1979 Hattersheim"]

1. e4 c5 2. c3 d5 3. exd5 Qxd5 4. d4 Nc6 5. Nf3 Bg4 6. Be2 cxd4 7. O-O Nf6 8.
cxd4 e6 9. Nc3 Qa5 10. Be3 Bd6 11. Nb5 Bb8 12. Qd2 a6 13. Qxa5 Nxa5 14. Rac1
Nc6 15. Nc3 Ba7 16. Ne5 Nxe5 17. dxe5 Bxe3 18. fxe3 Bxe2 19. Nxe2 Nd7 20. Rc7
Rb8 21. Rxd7 Kxd7 22. Rxf7+ Kc6 23. Rxg7 Kd5 24. Re7 Kxe5 25. Nf4 Rbe8 26. Rxb7
Ke4 27. Kf2 Rb8 28. Rxb8 Rxb8 29. b3 e5 30. Ne6 Rc8 31. Ng5+ Kf5 32. h4 h5 33.
e4+ Kg4 34. Nf3 Kf4 35. Nd2 Rc2 36. g3+ Kg4 37. Ke3 Kxg3 38. Nc4 Rxa2 39. Nxe5
Kxh4 40. Nf3+ Kg4 41. e5 Kf5 42. Kd4 Re2 43. Kd3 Rxe5 44. Nxe5 Kxe5 45. Ke3 a5
46. Kf3 Kd4 47. Kg3 Kc3 48. Kh4 Kxb3 49. Kxh5 a4 50. Kg5 a3 51. Kf5 a2 52. Ke6
a1=Q 53. Kf5 Qd4 54. Ke6 Kc4 55. Kf5 Kd5 56. Kg6 Qf4 57. Kg7 Ke6 0-1

[Event "Frankfurt Ch 2011"]
[Site "Ffm-Kalbach, LAZ"]
[Date "2011.05.30"]
[Round "5.54"]
[White "Midanka, Vladimir"]
[Black "Crnjac, Zdravco"]
[Result "1-0"]
[WhiteElo "1712"]
[BlackElo "1482"]
[PlyCount "57"]
[EventDate "2011.??.??"]
[WhiteTeam "vereinslos"]
[BlackTeam "TSG Nieder-Erlenbach 1888"]

1. Nf3 b6 2. e4 d6 3. d4 e6 4. c4 Bb7 5. Nc3 Ne7 6. Bd3 h6 7. Qe2 Nd7 8. O-O g6
9. Rd1 g5 10. Be3 Ng6 11. d5 e5 12. b4 g4 13. Ne1 Nf6 14. Rab1 Bc8 15. c5 Nf4
16. Bb5+ Bd7 17. Bxf4 exf4 18. Bxd7+ Qxd7 19. e5 f3 20. Qe3 dxe5 21. Qxe5+ Qe7
22. Qf5 Rd8 23. Nd3 Nxd5 24. Nxd5 Qd7 25. Re1+ Be7 26. Rxe7+ Qxe7 27. Nxe7 Kxe7
28. Re1+ Kf8 29. Ne5 1-0

[Event "Frankfurt Ch 2011"]
[Site "Ffm-Kalbach, LAZ"]
[Date "2011.05.30"]
[Round "5.55"]
[White "Budde, Michael"]
[Black "Kuhn, Luis"]
[Result "0-1"]
[WhiteElo "1718"]
[BlackElo "1786"]
[PlyCount "62"]
[EventDate "2011.??.??"]
[WhiteTeam "SC 1979 Hattersheim"]
[BlackTeam "SV 1929 Raunheim"]

1. e4 e5 2. d4 exd4 3. Bc4 Nc6 4. Nf3 Bc5 5. c3 d3 6. Qxd3 Nf6 7. e5 Qe7 8. O-O
Nxe5 9. Nxe5 Qxe5 10. Bd2 O-O 11. b4 d5 12. bxc5 dxc4 13. Qxc4 Be6 14. Qd4 Qh5
15. Qf4 Qxc5 16. Be3 Qd6 17. Qxd6 cxd6 18. Rd1 d5 19. f3 Rfc8 20. Bd4 Ne8 21.
Nd2 Nd6 22. Rab1 b6 23. g4 Re8 24. Be5 Rad8 25. h4 h5 26. Rb4 hxg4 27. Bxd6
Rxd6 28. fxg4 Rc6 29. Rc1 Rec8 30. Nb1 Rc4 31. Na3 Rxb4 0-1

[Event "Frankfurt Ch 2011"]
[Site "Ffm-Kalbach, LAZ"]
[Date "2011.05.30"]
[Round "5.56"]
[White "Puzzo, Peter"]
[Black "Ottenburg, Ralph"]
[Result "0-1"]
[WhiteElo "1463"]
[BlackElo "1950"]
[PlyCount "38"]
[EventDate "2011.??.??"]
[WhiteTeam "Sfr. Frankfurt 1921"]
[BlackTeam "Sfr. Frankfurt 1921"]

1. d4 d5 2. c4 e6 3. Nf3 Nf6 4. Nc3 Be7 5. Qc2 O-O 6. e3 b6 7. cxd5 exd5 8. Bd3
c5 9. O-O Nc6 10. a3 Bb7 11. dxc5 bxc5 12. Rd1 d4 13. Bf5 g6 14. Bh3 Ba6 15.
Qa4 Qb6 16. exd4 Nxd4 17. Ne5 Rad8 18. Bd7 Bd6 19. Ng4 Nxd7 0-1

[Event "Frankfurt Ch 2011"]
[Site "Ffm-Kalbach, LAZ"]
[Date "2011.05.30"]
[Round "5.57"]
[White "Zepuntke, Thomas"]
[Black "Popp, Matthias"]
[Result "1-0"]
[WhiteElo "1745"]
[BlackElo "1522"]
[PlyCount "111"]
[EventDate "2011.??.??"]
[WhiteTeam "vereinslos"]
[BlackTeam "SC Bergen-Enkheim 1922"]

1. d4 Nf6 2. Nf3 d6 3. c4 Nbd7 4. Nc3 g6 5. e3 Bg7 6. Bd3 O-O 7. O-O e5 8. Rb1
Re8 9. Qc2 c6 10. Rd1 Qc7 11. b4 d5 12. dxe5 Nxe5 13. Nxe5 Rxe5 14. Ne2 Rh5 15.
Ng3 Rh4 16. cxd5 Nxd5 17. Bd2 Be6 18. b5 Rd8 19. bxc6 Qxc6 20. Qxc6 bxc6 21.
Ba5 Rd7 22. Rb8+ Bf8 23. e4 Ne7 24. Bc3 c5 25. Bf6 Nc6 26. Rxf8+ Kxf8 27. Bxh4
Bxa2 28. Be2 Nd4 29. Bg4 Rb7 30. Bf6 h5 31. Be2 Rb2 32. Bxd4 cxd4 33. Rxd4 a5
34. Ra4 Rb1+ 35. Nf1 Be6 36. f3 Rb2 37. Kf2 Bb3 38. Rd4 a4 39. Nd2 Bc2 40. Rd8+
Kg7 41. Nc4 Rb3 42. Ra8 Rc3 43. Ke1 Bb3 44. Nb6 Rc1+ 45. Kd2 Rc2+ 46. Ke3 Ra2
47. g3 Ra3 48. Kf4 Kh6 49. h4 Ra2 50. Bb5 a3 51. Bc4 Rb2 52. Rxa3 Bxc4 53. Nxc4
Rg2 54. e5 Rc2 55. Nd6 Kg7 56. Ra7 1-0

[Event "Frankfurt Ch 2011"]
[Site "Ffm-Kalbach, LAZ"]
[Date "2011.05.30"]
[Round "5.58"]
[White "Rehn, Hans Peter"]
[Black "Bergmann, Michael"]
[Result "1/2-1/2"]
[WhiteElo "1921"]
[BlackElo "1511"]
[PlyCount "72"]
[EventDate "2011.??.??"]
[WhiteTeam "SK Gründau"]
[BlackTeam "vereinslos"]

1. e4 e5 2. Nf3 Nc6 3. Bc4 Nf6 4. d3 Bc5 5. c3 O-O 6. Qe2 d5 7. Bb3 Bg4 8. Nbd2
d4 9. h3 Be6 10. Bxe6 fxe6 11. Nc4 Bd6 12. cxd4 Nxd4 13. Nxd4 Bb4+ 14. Bd2
Bxd2+ 15. Nxd2 Qxd4 16. Nf3 Qb4+ 17. Qd2 Qb5 18. O-O Rad8 19. Qc3 Rxd3 20. Qxc7
Nxe4 21. Nxe5 Rd2 22. Nf3 Rxb2 23. a4 Qb6 24. Rac1 Nd2 25. Nxd2 Rxd2 26. Qxb6
axb6 27. Rc7 Rb8 28. Re1 Rd6 29. Re7 b5 30. axb5 Rb6 31. Re5 Rd8 32. Rc5 h5 33.
Rcc7 Rxb5 34. Rxg7+ Kh8 35. Rge7 Rb1+ 36. Kh2 Rb2 1/2-1/2

[Event "Frankfurt Ch 2011"]
[Site "Ffm-Kalbach, LAZ"]
[Date "2011.05.30"]
[Round "5.59"]
[White "Kirschner, Matthias"]
[Black "Jordake, Michael"]
[Result "1-0"]
[WhiteElo "1703"]
[BlackElo "1710"]
[PlyCount "113"]
[EventDate "2011.??.??"]
[WhiteTeam "SV 1997 Nauheim"]
[BlackTeam "SC Bergen-Enkheim 1922"]

1. c4 e5 2. Nc3 g6 3. g3 Bg7 4. Bg2 d6 5. d3 f5 6. Rb1 Nf6 7. Bg5 c6 8. Nf3 O-O
9. Nd2 h6 10. Bxf6 Qxf6 11. O-O Nd7 12. Qc2 Nc5 13. Rfc1 f4 14. Nde4 Nxe4 15.
Nxe4 Qe7 16. b4 Be6 17. c5 d5 18. Nd6 Bg4 19. b5 f3 20. exf3 Rxf3 21. bxc6 bxc6
22. Rb7 Qe6 23. Qa4 Rff8 24. Qxc6 Rac8 25. Qxd5 Rfd8 26. Qxe6+ Bxe6 27. Nxc8
Rxc8 28. Rxa7 Bf8 29. c6 Bd6 30. a4 Ba3 31. Rb1 Bc5 32. Rab7 Rf8 33. Rf1 Bf5
34. Bd5+ Kh8 35. Rf7 Rd8 36. Rxf5 gxf5 37. Be6 Bb6 38. Bxf5 Kg7 39. Be4 Rf8 40.
Kg2 Kf7 41. f3 Ke7 42. Rb1 Bc7 43. Rb7 Kd6 44. Ra7 Rb8 45. Kh3 Rb2 46. Rb7 Ra2
47. Rb4 Kc5 48. Rc4+ Kd6 49. d4 exd4 50. Rxd4+ Kc5 51. Rd5+ Kb6 52. Rb5+ Ka6
53. Rb7 Bb6 54. c7 Bg1 55. c8=Q Rxh2+ 56. Kg4 h5+ 57. Kf5 1-0

[Event "Frankfurt Ch 2011"]
[Site "Ffm-Kalbach, LAZ"]
[Date "2011.05.30"]
[Round "5.60"]
[White "Fischer, Lutz"]
[Black "Bastian, Holger"]
[Result "0-1"]
[WhiteElo "1492"]
[BlackElo "1689"]
[PlyCount "52"]
[EventDate "2011.??.??"]
[WhiteTeam "Sfr. Frankfurt 1921"]
[BlackTeam "Aschaffenburg- Schweinheim e.V."]

1. e4 d6 2. d4 Nf6 3. Nc3 g6 4. f4 Bg7 5. e5 dxe5 6. fxe5 Bg4 7. Nf3 Nd5 8. Bc4
e6 9. O-O O-O 10. h3 Bxf3 11. Qxf3 c6 12. Ne4 Nd7 13. Bg5 Qb6 14. c3 Nxe5 15.
Qe2 Nxc4 16. Qxc4 e5 17. Kh1 exd4 18. Nc5 Qxb2 19. Na4 Qb5 20. Qxb5 cxb5 21.
Nc5 Nxc3 22. Nd7 Rfc8 23. Bf6 Ne4 24. Rf4 Nxf6 25. Nxf6+ Bxf6 26. Rxf6 Rd8 0-1

[Event "Frankfurt Ch 2011"]
[Site "Ffm-Kalbach, LAZ"]
[Date "2011.05.30"]
[Round "5.61"]
[White "Brauer, Frank"]
[Black "Rondorf, Jochen"]
[Result "1/2-1/2"]
[WhiteElo "1897"]
[BlackElo "1499"]
[PlyCount "148"]
[EventDate "2011.??.??"]
[WhiteTeam "vereinslos"]
[BlackTeam "SG Niederkassel"]

1. e4 c6 2. d4 d5 3. exd5 cxd5 4. c4 Nf6 5. Nc3 Bf5 6. Nf3 e6 7. Bd3 Bxd3 8.
Qxd3 Nc6 9. O-O Be7 10. Bf4 dxc4 11. Qxc4 O-O 12. Rad1 Rc8 13. Qb3 Na5 14. Qb5
a6 15. Qe2 b5 16. a3 Bxa3 17. Nxb5 axb5 18. bxa3 Nc4 19. Rc1 Qa5 20. Ra1 Nd5
21. Bg3 Nc3 22. Qd3 Rfd8 23. Ne5 Nxa3 24. Qf3 Rf8 25. Nc6 Ne2+ 26. Kh1 Nxg3+
27. hxg3 Qc7 28. Rfc1 Nc4 29. Ne5 Qd6 30. Nxc4 Rxc4 31. Rxc4 bxc4 32. Qc3 Rc8
33. Ra4 Qc6 34. Ra3 f6 35. Kg1 Kf7 36. f3 Rb8 37. Qc2 g6 38. Ra7+ Kg8 39. Ra5
Qb6 40. Rc5 Qb1+ 41. Qxb1 Rxb1+ 42. Kf2 Rb2+ 43. Kf1 Rb4 44. Rc7 c3 45. Rxc3
Rxd4 46. Rc7 h6 47. Ke2 Ra4 48. g4 Ra2+ 49. Kf1 Ra8 50. Kf2 e5 51. g3 Rf8 52.
Ke3 Rf7 53. Rc5 Rd7 54. f4 Re7 55. Kf3 e4+ 56. Ke3 Kf7 57. f5 gxf5 58. gxf5 h5
59. Ra5 Kg7 60. Ra8 Re5 61. Rb8 Kh6 62. Ra8 Kg5 63. Rh8 Kg4 64. Rg8+ Kxf5 65.
Rg7 Ke6 66. Rh7 Ra5 67. Kxe4 Rg5 68. Kf3 Ke5 69. Re7+ Kd6 70. Ra7 Rg8 71. Ra5
Rh8 72. Kf4 Ke6 73. Ra6+ Kf7 74. Kf5 Rh6 1/2-1/2

[Event "Frankfurt Ch 2011"]
[Site "Ffm-Kalbach, LAZ"]
[Date "2011.05.30"]
[Round "5.62"]
[White "Zerhusen, Martin"]
[Black "Muthig, Holger"]
[Result "0-1"]
[WhiteElo "1650"]
[BlackElo "1496"]
[PlyCount "80"]
[EventDate "2011.??.??"]
[WhiteTeam "SV Oberursel"]
[BlackTeam "vereinslos"]

1. d4 Nf6 2. c4 g6 3. Nc3 d5 4. Nf3 Bg7 5. a3 O-O 6. c5 c6 7. h3 Nbd7 8. Bf4
Re8 9. Bh2 Ne4 10. e3 e5 11. Be2 Nxc3 12. bxc3 e4 13. Nd2 f5 14. O-O Kh8 15.
Qb3 g5 16. c4 Nf6 17. cxd5 Nxd5 18. Bc4 f4 19. Bxd5 cxd5 20. Rab1 f3 21. Bd6 g4
22. g3 gxh3 23. Qxd5 Qf6 24. Kh2 Be6 25. Qxb7 Qg6 26. Qa6 Bd5 27. Qa4 Rec8 28.
Rb4 Bf8 29. Be5+ Bg7 30. Bf4 Bh6 31. Bxh6 Qxh6 32. Rfb1 Qe6 33. R1b2 Rg8 34.
Qc2 h5 35. Qb1 h4 36. Nf1 Bc4 37. Rb8 Raxb8 38. Rxb8 Bd3 39. Rxg8+ Qxg8 40.
Kxh3 Bxb1 0-1

[Event "Frankfurt Ch 2011"]
[Site "Ffm-Kalbach, LAZ"]
[Date "2011.05.30"]
[Round "5.63"]
[White "Mühlbach, Christian"]
[Black "Lewien, Frank"]
[Result "0-1"]
[WhiteElo "1709"]
[BlackElo "1499"]
[PlyCount "66"]
[EventDate "2011.??.??"]
[WhiteTeam "SK Langen"]
[BlackTeam "SV Lahn Limburg"]

1. e4 c6 2. d4 d5 3. Nc3 dxe4 4. Nxe4 Bf5 5. Ng3 Bg6 6. Bc4 Nf6 7. N1e2 e5 8.
f4 exf4 9. Nxf4 Bd6 10. O-O Qc7 11. Re1+ Kf8 12. Nxg6+ hxg6 13. Re3 Nbd7 14.
Rf3 Nb6 15. Bb3 Re8 16. Bg5 Nbd5 17. c4 Ne7 18. Qd3 Bxg3 19. hxg3 Nf5 20. Bf4
Qa5 21. c5 Qd8 22. Qc4 Nd5 23. Raf1 Qe7 24. Bd6 Nxd6 25. cxd6 Qxd6 26. Rxf7+
Kg8 27. Qd3 Kh7 28. R1f3 Re1+ 29. Kf2 Rhe8 30. Bxd5 Qxd5 31. g4 Qxa2 32. Rh3+
Kg8 33. Qxg6 Qxf7+ 0-1

[Event "Frankfurt Ch 2011"]
[Site "Ffm-Kalbach, LAZ"]
[Date "2011.05.30"]
[Round "5.64"]
[White "Riha, Peter"]
[Black "Hartmann, Stephan"]
[Result "1-0"]
[WhiteElo "1806"]
[BlackElo "1441"]
[PlyCount "107"]
[EventDate "2011.??.??"]
[WhiteTeam "SC Bergen-Enkheim 1922"]
[BlackTeam "SG Turm Idstein"]

1. d4 d5 2. Bf4 Bf5 3. c4 c6 4. Nc3 Nf6 5. Qb3 Qb6 6. c5 Qxb3 7. axb3 Nh5 8.
Bxb8 Rxb8 9. Rxa7 g6 10. Nf3 Bg7 11. e3 O-O 12. Kd2 Nf6 13. Bd3 Bxd3 14. Kxd3
Nd7 15. b4 e5 16. Kc2 e4 17. Nd2 Nf6 18. h3 b6 19. Ra6 bxc5 20. bxc5 Rfc8 21.
Rha1 Rb7 22. Ra8 Rcb8 23. Rxb8+ Rxb8 24. Ra6 Rc8 25. Nb3 Nd7 26. Na4 Kf8 27.
Na5 Nb8 28. Ra8 Re8 29. Ra7 Re7 30. Ra8 Re8 31. Ra7 Re7 32. Rxe7 Kxe7 33. b4
Kd7 34. Nc3 f5 35. b5 cxb5 36. Nxd5 Nc6 37. Nxc6 Kxc6 38. Nb4+ Kc7 39. Kb3 Bf8
40. Nd5+ Kc6 41. Nc3 h5 42. h4 Bh6 43. g3 g5 44. hxg5 Bxg5 45. Kb4 h4 46. gxh4
Bxh4 47. d5+ Kd7 48. Nd1 Bg5 49. Kxb5 f4 50. exf4 Bxf4 51. Kc4 Be5 52. Ne3 Bb2
53. Nf5 Bf6 54. Ng3 1-0

[Event "Frankfurt Ch 2011"]
[Site "Ffm-Kalbach, LAZ"]
[Date "2011.05.30"]
[Round "5.65"]
[White "Honert, Stefan"]
[Black "Annen, Oliver"]
[Result "0-1"]
[WhiteElo "1398"]
[BlackElo "1559"]
[PlyCount "98"]
[EventDate "2011.??.??"]
[WhiteTeam "Sfr. Frankfurt 1921"]
[BlackTeam "SK Bad Homburg 1927"]

1. d4 Nf6 2. c4 e6 3. Nf3 b6 4. Nc3 Bb7 5. Bf4 d6 6. e3 Be7 7. Qc2 Nh5 8. Be2
Nxf4 9. exf4 c6 10. O-O O-O 11. Rad1 Qc7 12. d5 cxd5 13. Bd3 dxc4 14. Nb5 Qc5
15. Bxh7+ Kh8 16. Nbd4 Qh5 17. Be4 Bxe4 18. Qxe4 d5 19. Qe5 Qxe5 20. Nxe5 Bf6
21. g4 Bxe5 22. fxe5 Nd7 23. f4 Nc5 24. Rf3 f6 25. Re1 Rae8 26. exf6 gxf6 27.
Rfe3 Ne4 28. Kg2 Kg7 29. h4 f5 30. g5 Kg6 31. Kh3 Rh8 32. Nf3 Rh5 33. Ne5+ Kg7
34. Nf3 Reh8 35. R1e2 Rg8 36. Re1 Kf8 37. R1e2 Ke7 38. Re1 Kd6 39. R1e2 Kc5 40.
Re1 d4 41. Ra3 Rg7 42. Rc1 Nf2+ 43. Kg3 Ne4+ 44. Kh3 Kd5 45. Kg2 d3 46. Ne5 Nd6
47. Nxd3 cxd3 48. Rxd3+ Ke4 49. Rxd6 Rxh4 0-1

[Event "Frankfurt Ch 2011"]
[Site "Ffm-Kalbach, LAZ"]
[Date "2011.05.30"]
[Round "5.66"]
[White "Bock, Mario"]
[Black "Mook, Karl-Jürgen"]
[Result "1-0"]
[WhiteElo "1551"]
[BlackElo "1611"]
[PlyCount "99"]
[EventDate "2011.??.??"]
[WhiteTeam "Sfr. Frankfurt 1921"]
[BlackTeam "Sfr. Frankfurt 1921"]

1. e4 e5 2. Nf3 Nc6 3. Bb5 Bc5 4. O-O Nd4 5. Nxd4 Bxd4 6. c3 Bb6 7. d4 c6 8.
Ba4 d6 9. Na3 Nf6 10. Bc2 Be6 11. Kh1 Qe7 12. f4 Bg4 13. Qd3 O-O-O 14. h3 Be6
15. Nc4 Bc7 16. f5 Bxc4 17. Qxc4 d5 18. exd5 cxd5 19. Qe2 Rhe8 20. Re1 Qd7 21.
Qd3 e4 22. Qf1 Qd6 23. Kg1 Qh2+ 24. Kf2 Bg3+ 25. Ke2 Bxe1 26. Kxe1 e3 27. Qf3
Qg1+ 28. Ke2 Qf2+ 29. Qxf2 exf2+ 30. Kxf2 Ne4+ 31. Kf3 f6 32. Bf4 h5 33. h4 b5
34. Re1 Nd6 35. Rxe8 Nxe8 36. Bd3 a6 37. a4 Nd6 38. b3 Kb7 39. Bxd6 Rxd6 40.
axb5 a5 41. Ke3 Rd8 42. Be2 Re8+ 43. Kd3 Kc7 44. g3 Ra8 45. Bd1 Kd6 46. c4
dxc4+ 47. bxc4 Re8 48. c5+ Kc7 49. b6+ Kc6 50. Ba4+ 1-0

[Event "Frankfurt Ch 2011"]
[Site "Ffm-Kalbach, LAZ"]
[Date "2011.05.30"]
[Round "5.67"]
[White "Zelba, Gianluca"]
[Black "Richter, Wolfram"]
[Result "0-1"]
[WhiteElo "1378"]
[BlackElo "1544"]
[PlyCount "56"]
[EventDate "2011.??.??"]
[WhiteTeam "SV Lahn Limburg"]
[BlackTeam "SK Bad Sooden-Allendorf"]

1. d4 d6 2. c4 e5 3. d5 Be7 4. e4 Nf6 5. Qc2 Nbd7 6. Nf3 Nc5 7. Nc3 a5 8. Be2
Bd7 9. Bg5 O-O 10. O-O c6 11. a3 cxd5 12. cxd5 Rc8 13. Bxf6 Bxf6 14. Qd1 Be7
15. b4 Na6 16. Qb3 Rc7 17. bxa5 Qc8 18. Na2 Nc5 19. Qe3 f5 20. exf5 Rxf5 21.
Rfc1 e4 22. Nd4 Rg5 23. Nc3 Nd3 24. Bxd3 Rxc3 25. Rxc3 Qxc3 26. Rc1 Qxd3 27.
Qxd3 exd3 28. Rd1 Rxd5 0-1

[Event "Frankfurt Ch 2011"]
[Site "Ffm-Kalbach, LAZ"]
[Date "2011.05.30"]
[Round "5.68"]
[White "Liebert, Monika"]
[Black "Knott, Tilo"]
[Result "0-1"]
[WhiteElo "1021"]
[BlackElo "1523"]
[PlyCount "58"]
[EventDate "2011.??.??"]
[WhiteTeam "SV Schachforum Darmstadt 1994"]
[BlackTeam "SC Brett vor'm Kopp Ffm"]

1. e4 b6 2. d4 Bb7 3. d5 c6 4. c4 g6 5. Nc3 Bg7 6. f4 d6 7. Nf3 Nd7 8. g4 h6 9.
h4 Ngf6 10. Bh3 Nc5 11. Qc2 a5 12. b3 Nfxe4 13. Bb2 Nxc3 14. Bxc3 Bxc3+ 15.
Qxc3 O-O 16. dxc6 Bxc6 17. O-O Ne4 18. Qd4 Ng3 19. Rf2 Bxf3 20. Rxf3 Ne2+ 21.
Kf2 Nxd4 22. Rd3 e5 23. fxe5 dxe5 24. Kg3 Ne2+ 25. Kg2 Qxd3 26. h5 Rad8 27. Rf1
Nf4+ 28. Rxf4 exf4 29. Kh2 Qg3+ 0-1

[Event "Frankfurt Ch 2011"]
[Site "Ffm-Kalbach, LAZ"]
[Date "2011.05.30"]
[Round "5.70"]
[White "Bender, Manfred"]
[Black "Kraus, Roman"]
[Result "0-1"]
[WhiteElo "1821"]
[BlackElo "1504"]
[PlyCount "56"]
[EventDate "2011.??.??"]
[WhiteTeam "Sfr. Taunus Königstein/Schwalbac"]
[BlackTeam "SV Bergwinkel"]

1. d4 d5 2. c4 c6 3. Nf3 Nf6 4. Nc3 dxc4 5. a4 Bg4 6. e3 Na6 7. Bxc4 Bxf3 8.
Qxf3 Nb4 9. Qe2 a5 10. O-O e6 11. b3 Qc7 12. Bb2 Be7 13. Rac1 Rd8 14. Rfd1 O-O
15. Qf3 Rd7 16. e4 Rfd8 17. d5 exd5 18. exd5 cxd5 19. Bb5 Nc6 20. Nxd5 Nxd5 21.
Rxd5 Rxd5 22. Bc4 Ne5 23. Qg3 Qxc4 24. Re1 Qg4 25. Bxe5 Qxg3 26. Bxg3 Rd1 27.
Kf1 Bb4 28. Rxd1 Rxd1+ 0-1

[Event "Frankfurt Ch 2011"]
[Site "Ffm-Kalbach, LAZ"]
[Date "2011.05.30"]
[Round "5.71"]
[White "Willenbring, Jens-Dirk"]
[Black "Lanz, Jürgen"]
[Result "0-1"]
[WhiteElo "1489"]
[BlackElo "1564"]
[PlyCount "104"]
[EventDate "2011.??.??"]
[WhiteTeam "Bad Vilbeler Sfr.1985"]
[BlackTeam "SC 1979 Hattersheim"]

1. e4 e5 2. Nf3 Nf6 3. Bc4 Nc6 4. O-O Bc5 5. c3 O-O 6. d3 h6 7. b4 Bb6 8. Qb3
Qe7 9. a4 a6 10. Ba3 d6 11. Nbd2 Be6 12. h3 Nh5 13. Qd1 Nf4 14. Bxe6 Qxe6 15.
Nc4 Ba7 16. Bc1 Kh7 17. Be3 d5 18. Bxa7 dxc4 19. Be3 Nxd3 20. Ne1 Rad8 21. Qc2
Rd7 22. Rd1 Rfd8 23. Nxd3 Rxd3 24. Rxd3 cxd3 25. Qb1 Qc4 26. f3 Qxc3 27. Rc1
Qxb4 28. Qxb4 Nxb4 29. Rxc7 d2 30. Bxd2 Rxd2 31. Rxb7 Rd4 32. Rxf7 Kg6 33. Rf5
Nc6 34. g4 Rxa4 35. h4 Nd4 36. h5+ Kh7 37. Rf8 Ra3 38. Kg2 a5 39. f4 Rf3 40. f5
Rf4 41. Ra8 Nb3 42. Rb8 a4 43. Rb4 Nc5 44. Rc4 Nxe4 45. Rxa4 Rxg4+ 46. Kf3 Rf4+
47. Ke3 Nc3 48. Rxf4 Nd5+ 49. Ke4 exf4 50. Kxd5 f3 51. f6 gxf6 52. Ke6 f2 0-1

[Event "Frankfurt Ch 2011"]
[Site "Ffm-Kalbach, LAZ"]
[Date "2011.05.30"]
[Round "5.72"]
[White "Gläser, Michael"]
[Black "Storch, Dominik"]
[Result "0-1"]
[WhiteElo "1151"]
[BlackElo "1883"]
[PlyCount "90"]
[EventDate "2011.??.??"]
[WhiteTeam "TSG Nieder-Erlenbach 1888"]
[BlackTeam "Frankfurter TV 1860"]

1. e4 e5 2. Nf3 f5 3. d3 Nc6 4. Nc3 Bb4 5. a3 fxe4 6. dxe4 Bxc3+ 7. bxc3 Nf6 8.
Bd3 O-O 9. O-O d6 10. Bc4+ Kh8 11. Ng5 Qe8 12. Qe2 h6 13. Nf3 Bg4 14. Rb1 Na5
15. Ba2 Qg6 16. Nh4 Qh5 17. Nf3 b6 18. h3 Bxf3 19. Qxf3 Qxf3 20. gxf3 Nh5 21.
Bd5 Rae8 22. Kh2 Rxf3 23. c4 c6 24. Kg2 Rf6 25. Bxc6 Nxc6 26. c3 Ref8 27. Be3
Nf4+ 28. Bxf4 Rxf4 29. f3 Ne7 30. Rb5 Ng6 31. Rd5 R8f6 32. Rd3 Nh4+ 33. Kg3 Kg8
34. c5 bxc5 35. c4 Kf7 36. Rb3 Rg6+ 37. Kf2 Rg2+ 38. Ke3 Ke6 39. Rb7 Rf7 40.
Rb8 Ra2 41. Rb3 a5 42. f4 a4 43. Rd3 exf4+ 44. Rxf4 Ng2+ 45. Kf3 Nxf4 0-1

[Event "Frankfurt Ch 2011"]
[Site "Ffm-Kalbach, LAZ"]
[Date "2011.05.30"]
[Round "5.73"]
[White "Urbach, Jens"]
[Black "Heun, Andreas"]
[Result "0-1"]
[WhiteElo "1127"]
[BlackElo "1509"]
[PlyCount "58"]
[EventDate "2011.??.??"]
[WhiteTeam "Sfr. Frankfurt 1921"]
[BlackTeam "SC Ladja Roßdorf"]

1. c4 Nf6 2. Nc3 g6 3. Nf3 Bg7 4. g3 d6 5. Bg2 c6 6. O-O O-O 7. d4 Nbd7 8. b4
Nb6 9. a4 Nxc4 10. Qd3 d5 11. Re1 Bf5 12. e4 Nxe4 13. Nxe4 Bxe4 14. Rxe4 dxe4
15. Qxe4 Nd6 16. Qd3 Nf5 17. Bb2 e5 18. Nxe5 Bxe5 19. Rd1 Bg7 20. Be4 Ne7 21.
Ba3 Re8 22. b5 Nd5 23. bxc6 bxc6 24. Rc1 Qa5 25. Kf1 Rac8 26. Rc4 Qa6 27. Qc2
Rxe4 28. Qxe4 Qxc4+ 29. Kg2 Qxd4 0-1